| 000 | 00930nam a22002657a 4500 | ||
|---|---|---|---|
| 005 | 20161213164940.0 | ||
| 010 | _aENG-116803 | ||
| 020 |
_c345.00 _a9788123778389 |
||
| 020 |
_c345.00 _a8123778384 |
||
| 035 | _aEN-100335 | ||
| 037 | _bDBAD/PUB | ||
| 082 | _a920 | ||
| 100 | _aPhakirmohan Senapati | ||
| 245 |
_aAtmacharita / _cby Phakirmohan Senapati ; edited by Debendra Kumar Dash ; trancleted by Diptiranjan Pattanaik,Basant Kumar Tripathy [and] Paul St-pierre _b |
||
| 260 |
_aNew Delhi _bNational Book Trust _c2016 |
||
| 270 |
_bNew Delhi _aNehru Bhawan,5 Industrial Area,Phase-II,Vasant Kunj _e110070 |
||
| 300 |
_axxiii,251 : _c24cm(Hb) _bill |
||
| 500 | _aIncludes bibliographical references | ||
| 505 | _aAutobiography | ||
| 700 | _aDebendra Kumar Dash | ||
| 700 | _a Diptiranjan Pattanaik | ||
| 700 | _aBasant Kumar Tripathy | ||
| 700 | _a Paul St-pierre | ||
| 942 |
_2ddc _cEN _h920 _mSEN |
||
| 999 |
_c105113 _d105113 |
||